[Event "2.BLO 0607 Sf Schöneck - SC Forchheim"]
[Site "?"]
[Date "2007.04.01"]
[Round "8.1"]
[White "Jansa, Vlastimil"]
[Black "Alber, Horst"]
[Result "1-0"]
[WhiteElo "2479"]
[BlackElo "2400"]
[PlyCount "69"]
[EventDate "2007.??.??"]

1. e4 g6 2. d4 Bg7 3. Nc3 d6 4. Be3 a6 5. Qd2 b5 6. Bd3 Nd7 7. Nf3 Bb7 8. O-O
c5 9. Rfe1 cxd4 10. Bxd4 Ngf6 11. Nd5 e5 12. Nxf6+ Bxf6 13. Bc3 O-O 14. Ba5 Qb8
15. Rad1 Rc8 16. c3 Bc6 17. Bc2 Be7 18. Qh6 Bf8 19. Qh4 Nc5 20. Re3 Qb7 21. Nd2
Be7 22. Qg3 Re8 23. Bb4 Bf8 24. Nb3 Nxb3 25. Bxb3 Bxe4 26. Bxd6 Bg7 27. Ree1
Rad8 28. Bb4 Rxd1 29. Rxd1 Bc6 30. Bc5 Qc7 31. Bd6 Qb6 32. Qg5 Bb7 33. Bb4 a5
34. Rd7 Qc6 35. Bxf7+ 1-0

[Event "2.BLO 0607 Sf Schöneck - SC Forchheim"]
[Site "?"]
[Date "2007.04.01"]
[Round "8.2"]
[White "Telljohann, Sven"]
[Black "Heidrich, Manfred"]
[Result "0-1"]
[WhiteElo "2419"]
[BlackElo "2405"]
[PlyCount "86"]
[EventDate "2007.??.??"]

1. Nf3 f5 2. g3 Nf6 3. Bg2 g6 4. b4 Bg7 5. Bb2 d6 6. c4 e5 7. d3 O-O 8. O-O Nc6
9. b5 Ne7 10. c5 h6 11. Qb3+ Kh8 12. Nbd2 g5 13. cxd6 cxd6 14. Nc4 f4 15. Nxd6
Qxd6 16. Ba3 Qd8 17. Nxe5 Kh7 18. Nf7 Qb6 19. Nd6 Nf5 20. Nxf5 Bxf5 21. Bxf8
Rxf8 22. Rac1 Ng4 23. Qd5 Bd4 24. Be4 Bxf2+ 25. Kh1 Bxe4+ 26. Qxe4+ Kg7 27. Qf3
h5 28. gxf4 Rxf4 29. Qd5 Kh6 30. Rc8 Nf6 31. Qf7 Nh7 32. Qd7 Nf8 33. Qd8 Qe6
34. Rcc1 Qxe2 35. Qd5 Ng6 36. Qg2 g4 37. Qxb7 Be3 38. Rfe1 Qf2 39. Rcd1 g3 40.
Qg2 Rh4 41. Re2 Nf4 42. Rxf2 Bxf2 43. Qc6+ Kg5 0-1

[Event "2.BLO 0607 Sf Schöneck - SC Forchheim"]
[Site "?"]
[Date "2007.04.01"]
[Round "8.3"]
[White "Orsag, Milan"]
[Black "Ortmann, David"]
[Result "1/2-1/2"]
[WhiteElo "2423"]
[BlackElo "2306"]
[PlyCount "116"]
[EventDate "2007.??.??"]

1. d4 d5 2. Nf3 Nc6 3. Bf4 Bg4 4. Nbd2 e6 5. h3 Bh5 6. e3 Bd6 7. Bxd6 cxd6 8.
Be2 Nf6 9. O-O O-O 10. c3 Qe7 11. b4 Rfc8 12. Re1 Rc7 13. Qb3 Rac8 14. Rac1 Nd7
15. a4 Bg6 16. a5 a6 17. Qa3 Na7 18. Qb2 Nb5 19. c4 dxc4 20. Nxc4 f6 21. Nb6
Nxb6 22. axb6 Rc2 23. Bxb5 Rxb2 24. Rxc8+ Kf7 25. Bf1 Rc2 26. Rxc2 Bxc2 27. Rc1
Qd8 28. Rxc2 Qxb6 29. Rb2 a5 30. b5 a4 31. Ra2 Qa5 32. Nd2 Qb4 33. Nc4 d5 34.
Nd2 a3 35. f4 g5 36. fxg5 fxg5 37. Kf2 h5 38. g3 h4 39. g4 e5 40. dxe5 d4 41.
Bc4+ Ke7 42. Rc2 Qc5 43. exd4 Qxd4+ 44. Ke2 Qxe5+ 45. Kd1 Qc5 46. Bf1 Qd4 47.
Ra2 Qc3 48. Rc2 Qa1+ 49. Rc1 Qd4 50. Rc2 b6 51. Rc7+ Kd6 52. Ra7 Qa1+ 53. Kc2
Qb2+ 54. Kd1 Kd5 55. Bc4+ Kc5 56. Ra4 Kd6 57. Bf1 Kc7 58. Bc4 Qc3 1/2-1/2

[Event "2.BLO 0607 Sf Schöneck - SC Forchheim"]
[Site "?"]
[Date "2007.04.01"]
[Round "8.4"]
[White "Schaack, Harry"]
[Black "Zwanzger, Johannes"]
[Result "0-1"]
[WhiteElo "2279"]
[BlackElo "2340"]
[PlyCount "84"]
[EventDate "2007.??.??"]

1. e4 c5 2. Nf3 e6 3. d4 cxd4 4. Nxd4 Nc6 5. Nc3 Nf6 6. Ndb5 Bb4 7. a3 Bxc3+ 8.
Nxc3 d5 9. exd5 exd5 10. Bd3 O-O 11. O-O Bg4 12. f3 Bh5 13. Kh1 d4 14. Ne2 Qb6
15. b4 Bg6 16. Bb2 Rfd8 17. f4 Bh5 18. Qd2 Bxe2 19. Qxe2 Re8 20. Qd2 Ne4 21.
Bxe4 Rxe4 22. f5 f6 23. Rf4 Rae8 24. Rxe4 Rxe4 25. Qd3 Re7 26. Qc4+ Kf8 27. Rd1
a6 28. h3 Qc7 29. a4 Rd7 30. b5 Ne7 31. Qd3 axb5 32. axb5 Qe5 33. g4 h5 34. Kg2
hxg4 35. hxg4 Nd5 36. Ba3+ Ke8 37. Kg1 Ne3 38. Rd2 Qg3+ 39. Kh1 Qf3+ 40. Kg1
Qg3+ 41. Kh1 Qe1+ 42. Kh2 Qxd2+ 0-1

[Event "2.BLO 0607 Sf Schöneck - SC Forchheim"]
[Site "?"]
[Date "2007.04.01"]
[Round "8.5"]
[White "Niedermaier, Hans"]
[Black "Marchio, Enrico"]
[Result "1-0"]
[WhiteElo "2282"]
[BlackElo "2277"]
[PlyCount "53"]
[EventDate "2007.??.??"]

1. e4 e6 2. d4 b6 3. Nc3 Bb7 4. Nf3 Bb4 5. Bd3 Nf6 6. Qe2 d5 7. exd5 Qxd5 8.
O-O Bxc3 9. bxc3 O-O 10. Bg5 Nbd7 11. Rfd1 h6 12. c4 Qa5 13. Bf4 Rac8 14. Ne5
c5 15. d5 exd5 16. Nxd7 Nxd7 17. Bxh6 Qc3 18. Qg4 dxc4 19. Bf5 Bc6 20. Bd2 Qd4
21. Qh3 g6 22. Bc3 Qxc3 23. Qxc3 gxf5 24. Qg3+ Kh7 25. Qg5 Ne5 26. Qxf5+ Ng6
27. h4 1-0

[Event "2.BLO 0607 Sf Schöneck - SC Forchheim"]
[Site "?"]
[Date "2007.04.01"]
[Round "8.6"]
[White "Timpel, Klaus"]
[Black "Lang, Stefan"]
[Result "0-1"]
[WhiteElo "2248"]
[BlackElo "2286"]
[PlyCount "70"]
[EventDate "2007.??.??"]

1. e4 c6 2. c4 Na6 3. Nc3 g6 4. d4 Bg7 5. Be3 d6 6. h3 Nc7 7. a4 Bd7 8. Bd3 a6
9. a5 Rb8 10. Nge2 b6 11. b4 bxa5 12. bxa5 Nf6 13. Qd2 O-O 14. O-O Nfe8 15.
Rab1 Rxb1 16. Rxb1 Ne6 17. Rb6 N8c7 18. Bc2 Na8 19. Rb7 Qc8 20. Rb1 Qc7 21. Na4
c5 22. d5 Bxa4 23. Bxa4 Nd8 24. Nc1 Nb7 25. Nb3 Rb8 26. Nc1 Nd8 27. Rxb8 Qxb8
28. Qc2 Nc7 29. Bd2 Kf8 30. Nd3 Ne8 31. Qa2 Nf6 32. f3 e6 33. Kh2 Qb7 34. Bf4
Qc7 35. e5 dxe5 0-1

[Event "2.BLO 0607 Sf Schöneck - SC Forchheim"]
[Site "?"]
[Date "2007.04.01"]
[Round "8.7"]
[White "Bade, Joern"]
[Black "Schmidt, Jan-Peter"]
[Result "0-1"]
[WhiteElo "2310"]
[BlackElo "2312"]
[PlyCount "56"]
[EventDate "2007.??.??"]

1. e4 d6 2. d4 Nf6 3. Nc3 g6 4. Nf3 Bg7 5. h3 O-O 6. Be3 a6 7. a4 b6 8. Bc4 e6
9. Qd2 Bb7 10. d5 e5 11. Bh6 Nbd7 12. O-O Nc5 13. Rae1 Bc8 14. b4 Ncd7 15. Nh2
Nh5 16. g3 Ndf6 17. Bxg7 Kxg7 18. Kg2 Qd7 19. Ng4 Nxg4 20. hxg4 Qxg4 21. Rh1
Nf4+ 22. Kg1 Qg5 23. Re3 f5 24. Kf1 Nh5 25. Ke1 f4 26. gxf4 exf4 27. Rd3 b5 28.
Bb3 Qg2 0-1

[Event "2.BLO 0607 Sf Schöneck - SC Forchheim"]
[Site "?"]
[Date "2007.04.01"]
[Round "8.8"]
[White "Schmitzer, Klaus"]
[Black "Doeres, Hans-Juergen"]
[Result "1/2-1/2"]
[WhiteElo "2358"]
[BlackElo "2241"]
[PlyCount "169"]
[EventDate "2007.??.??"]

1. e4 c5 2. Nf3 e6 3. d4 cxd4 4. Nxd4 Nc6 5. Nc3 Qc7 6. Be3 a6 7. Bd3 b5 8.
Nxc6 dxc6 9. O-O Nf6 10. f4 b4 11. e5 bxc3 12. exf6 cxb2 13. Rb1 gxf6 14. Rxb2
Rb8 15. Rxb8 Qxb8 16. Bd4 Be7 17. Qa1 Rg8 18. Bxf6 h5 19. Be4 c5 20. Be5 Bd6
21. Qc3 Bd7 22. Qf3 h4 23. Bh7 Bxe5 24. Bxg8 Bd4+ 25. Kh1 Ke7 26. c3 Bf6 27.
Bh7 Qb2 28. Qe3 Qxc3 29. Qxc3 Bxc3 30. Bd3 Bc6 31. h3 a5 32. Rb1 Bd5 33. a3 c4
34. Bc2 f5 35. Rb5 Kd6 36. Kh2 Be1 37. Kg1 Kc6 38. Ba4 Kd6 39. Kf1 Bd2 40. Kf2
Be4 41. g3 c3 42. Rxa5 c2 43. Ra6+ Ke7 44. Bxc2 Bxc2 45. a4 Be4 46. Ra7+ Kf6
47. Rh7 hxg3+ 48. Kxg3 Be1+ 49. Kh2 Bd5 50. Ra7 Bf2 51. Rh7 Kg6 52. Rh8 Bd4 53.
Rd8 Bb6 54. Rd7 Ba5 55. Ra7 Bc3 56. Rc7 Bd2 57. Kg3 Be1+ 58. Kh2 Kf6 59. Ra7
Bc3 60. Rd7 Be4 61. Ra7 e5 62. Ra6+ Kf7 63. fxe5 Bxe5+ 64. Kg1 f4 65. Ra7+ Kf6
66. Rd7 Bc6 67. Rd8 Bxa4 68. h4 Bc6 69. Rf8+ Ke7 70. Rf5 Ke6 71. Rf8 Be4 72. h5
Ke7 73. Rc8 Kf6 74. h6 Kg6 75. Re8 Bd4+ 76. Kh2 Bf3 77. Re6+ Kh7 78. Kh3 Bf2
79. Rf6 Be3 80. Kh4 Be2 81. Re6 Bc4 82. Rf6 Bd3 83. Kg4 Be2+ 84. Kh4 f3 85. Kg3
1/2-1/2

[Event "2.BLO 0607 SC Bamberg - Leipzig Gohlis"]
[Site "?"]
[Date "2007.04.01"]
[Round "8.1"]
[White "Roeber, Bjoern"]
[Black "Kalod, Radek"]
[Result "1/2-1/2"]
[WhiteElo "2309"]
[BlackElo "2484"]
[PlyCount "88"]
[EventDate "2007.??.??"]

1. d4 Nf6 2. Nf3 g6 3. g3 Bg7 4. Bg2 O-O 5. c4 d5 6. cxd5 Nxd5 7. O-O Nb6 8.
Nc3 Nc6 9. d5 Na5 10. Nd4 Bd7 11. Rb1 Rc8 12. Bf4 c6 13. dxc6 Nxc6 14. Nxc6
Bxc6 15. Bxc6 Rxc6 16. Qxd8 Rxd8 17. Rfd1 Rxd1+ 18. Rxd1 Bxc3 19. bxc3 Kg7 20.
Rb1 f6 21. Bb8 a6 22. Ba7 Nd5 23. Rxb7 Kf7 24. Bd4 Nxc3 25. Rb2 Rc4 26. Bxc3
Rxc3 27. Rb3 Rxb3 28. axb3 Ke6 29. Kf1 Kd5 30. Ke1 Kc5 31. Kd2 Kb4 32. Kc2 e5
33. f3 f5 34. e3 g5 35. h3 h5 36. h4 gxh4 37. gxh4 f4 38. exf4 exf4 39. Kb2 a5
40. Kc2 Kb5 41. Kd3 Kb4 42. Kc2 Kc5 43. Kc3 Kb5 44. Kd3 Kb4 1/2-1/2

[Event "2.BLO 0607 SC Bamberg - Leipzig Gohlis"]
[Site "?"]
[Date "2007.04.01"]
[Round "8.2"]
[White "Jirka, Jiri"]
[Black "Schoeneberg, Manfred"]
[Result "0-1"]
[WhiteElo "2345"]
[BlackElo "2301"]
[PlyCount "92"]
[EventDate "2007.??.??"]

1. d4 Nf6 2. c4 e6 3. g3 c5 4. d5 exd5 5. cxd5 d6 6. Nc3 Be7 7. Bg2 O-O 8. Nf3
Na6 9. O-O Nc7 10. a4 Bd7 11. e4 b5 12. e5 Nfe8 13. Be3 bxa4 14. Nxa4 Bxa4 15.
Rxa4 Qb8 16. Qd2 Qb7 17. Nh4 g6 18. Bh6 Ng7 19. exd6 Bxd6 20. Bxg7 Kxg7 21.
Nf5+ gxf5 22. Qg5+ Kh8 23. Qf6+ Kg8 24. Qxd6 Qb6 25. Qe5 Nb5 26. Rh4 Nd4 27.
Kh1 Rad8 {(=)} 28. Rh5 Qg6 29. g4 f6 30. Qf4 fxg4 31. Rh4 h5 32. Be4 f5 33. Bd3
a5 34. Rg1 Rd6 35. h3 Nf3 36. Qxf3 gxf3 37. Rxg6+ Rxg6 38. Rf4 Rb6 39. Rxf3 f4
40. Bc4 Rxb2 41. Kg2 Kg7 42. Ra3 f3+ 43. Kg3 h4+ 44. Kg4 Rxf2 45. Bb5 Rg2+ 46.
Kxh4 Rh8# 0-1

[Event "2.BLO 0607 SC Bamberg - Leipzig Gohlis"]
[Site "?"]
[Date "2007.04.01"]
[Round "8.3"]
[White "Zesch, Ludwig"]
[Black "Meister, Peter"]
[Result "0-1"]
[WhiteElo "2287"]
[BlackElo "2370"]
[PlyCount "74"]
[EventDate "2007.??.??"]

1. e4 e6 2. d4 d5 3. Nd2 Nf6 4. e5 Nfd7 5. c3 c5 6. Bd3 Nc6 7. Ne2 Qb6 8. Nf3
cxd4 9. cxd4 f6 10. exf6 Nxf6 11. O-O Bd6 12. Bf4 Bxf4 13. Nxf4 O-O 14. Qd2 Bd7
15. a3 Rae8 16. Rfe1 Kh8 17. Bc2 Qxb2 18. Reb1 Ne4 19. Qd1 Qc3 20. Ne2 Qa5 21.
Rxb7 Bc8 22. Rb3 e5 23. Bxe4 dxe4 24. Nxe5 Nxe5 25. dxe5 Ba6 26. Re3 Qxe5 27.
Qd4 Qf5 28. Rg3 Rf7 29. Qe3 Rd8 30. f3 Bxe2 31. Qxe2 Qc5+ 32. Kf1 e3 33. Re1 {
(=)} 33... Re7 34. f4 Rd2 35. Qf3 e2+ 36. Qxe2 Rdxe2 37. Rxe2 Qc4 0-1

[Event "2.BLO 0607 SC Bamberg - Leipzig Gohlis"]
[Site "?"]
[Date "2007.04.01"]
[Round "8.4"]
[White "Stehno, Pavel"]
[Black "Quast, Michael"]
[Result "1-0"]
[WhiteElo "2273"]
[BlackElo "2285"]
[PlyCount "83"]
[EventDate "2007.??.??"]

1. e4 e5 2. Nf3 Nf6 3. Nc3 Nc6 4. a3 g6 5. Bc4 Bg7 6. d3 d6 7. h3 Be6 8. Bxe6
fxe6 9. O-O O-O 10. Ne2 Nh5 11. c3 Qd7 12. d4 exd4 13. Nfxd4 Nxd4 14. cxd4 c6
15. Be3 Rf7 16. Qd2 Qe7 17. Rad1 Nf6 18. f3 d5 19. e5 Nd7 20. Bg5 Qe8 21. Rfe1
b6 22. b4 b5 23. h4 Nb6 24. h5 gxh5 25. Ng3 Nc4 26. Qe2 Rf8 27. f4 Qg6 28. Nxh5
h6 29. Bf6 Bxf6 30. Nxf6+ Rxf6 31. exf6 Re8 32. f5 Qxf6 33. fxe6 Nd6 34. Qf3
Qg6 35. Rc1 Nc4 36. e7 Qg5 37. Rc3 Rxe7 38. Rxe7 Qxe7 39. Qg4+ Kh7 40. Qf5+ Kh8
41. Qc8+ Kh7 42. Rg3 1-0

[Event "2.BLO 0607 SC Bamberg - Leipzig Gohlis"]
[Site "?"]
[Date "2007.04.01"]
[Round "8.5"]
[White "Fischer, Johannes"]
[Black "Smistik, Milan"]
[Result "1-0"]
[WhiteElo "2268"]
[BlackElo "2401"]
[PlyCount "127"]
[EventDate "2007.??.??"]

1. e4 c5 2. Nf3 d6 3. d4 cxd4 4. Nxd4 Nf6 5. Nc3 a6 6. Bg5 e6 7. f4 Qb6 8. Qd2
Nc6 9. O-O-O h6 10. Bh4 Qxd4 11. Qxd4 Nxd4 12. Rxd4 Bd7 13. Be2 Be7 14. e5 dxe5
15. fxe5 Bc5 16. Rd3 g5 17. Bg3 Ng8 18. Bf3 Bc6 19. Bxc6+ bxc6 20. Rhd1 f5 21.
exf6 Nxf6 22. Re1 Kf7 23. Be5 Be7 24. Bxf6 Bxf6 25. Rd7+ Be7 26. Rf1+ Ke8 27.
Rc7 Bd6 28. Rxc6 Kd7 29. Rb6 Kc7 30. Na4 Rhf8 31. Rd1 Rad8 32. g3 Rf2 33. Rxa6
Rxh2 34. Nc3 Bxg3 35. Nb5+ Kb7 36. Ra7+ Kb6 37. Rxd8 Bf4+ 38. Kd1 Kxb5 39. a4+
Kb6 40. Re7 g4 41. Rxe6+ Kc7 42. Rg8 Bg5 43. Rg7+ Kd8 44. Ra6 Rh1+ 45. Ke2 Rh2+
46. Kf1 Ke8 47. Ra8+ Bd8 48. Rg8+ Ke7 49. Raxd8 Rxc2 50. Rb8 h5 51. Rg5 Rc4 52.
a5 h4 53. Rh8 Kf6 54. Rgh5 Rc1+ 55. Ke2 h3 56. a6 Ra1 57. a7 Rxa7 58. R8h6+ Kg7
59. Rh7+ Kg6 60. R5h6+ Kg5 61. Rxa7 Kxh6 62. Kf2 h2 63. Kg2 g3 64. Ra1 1-0

[Event "2.BLO 0607 SC Bamberg - Leipzig Gohlis"]
[Site "?"]
[Date "2007.04.01"]
[Round "8.6"]
[White "Haag, Wolfgang"]
[Black "Rausch, Stephan"]
[Result "1/2-1/2"]
[WhiteElo "2264"]
[BlackElo "2338"]
[PlyCount "140"]
[EventDate "2007.??.??"]

1. f4 d5 2. Nf3 g6 3. e3 Bg7 4. Be2 Nh6 5. O-O O-O 6. d3 c5 7. c3 b6 8. a4 Bb7
9. Na3 Nc6 10. Nc2 Nf5 11. e4 dxe4 12. dxe4 Nd6 13. e5 Ne8 14. Qe1 f6 15. Qh4
Nc7 16. f5 gxf5 17. exf6 exf6 18. Bh6 Ne7 19. Rad1 Qc8 20. Bc4+ Kh8 21. Bxg7+
Kxg7 22. Ne3 Be4 23. Qg3+ Kh8 24. Nh4 Ne8 25. Qf4 Ng7 26. Rd2 Qe8 27. Qf2 Rd8
28. Rxd8 Qxd8 29. Rd1 Qc7 30. Qd2 Bc6 31. b3 Qf4 32. Qf2 Qe5 33. Rd3 Be4 34.
Rd7 Nc6 35. Qd2 f4 36. Nf1 Qg5 37. Qf2 Ne5 38. Rxa7 Re8 39. Nd2 Bc6 40. Nhf3
Qh5 41. Bb5 Ng4 42. Qh4 Qxh4 43. Nxh4 Bxb5 44. axb5 Re1+ 45. Nf1 Kg8 46. Nf3
Rc1 47. N3d2 Nf5 48. Ra4 Nge3 49. Rxf4 Kf7 50. g4 Nd6 51. c4 Ke6 52. Kf2 Nxf1
53. Nxf1 Ke5 54. Rf3 Ne4+ 55. Ke2 Rc2+ 56. Kd3 Rc3+ 57. Ke2 Rc2+ 58. Kd1 Rf2
59. Rxf2 Nxf2+ 60. Ke2 Nxg4 61. Kf3 f5 62. h4 h6 63. Ng3 Nf6 64. Ne2 Ne4 65.
Ke3 Nf6 66. Nf4 Ng4+ 67. Kf3 Nh2+ 68. Kg3 Nf1+ 69. Kf3 Nd2+ 70. Ke3 Nf1+
1/2-1/2

[Event "2.BLO 0607 SC Bamberg - Leipzig Gohlis"]
[Site "?"]
[Date "2007.04.01"]
[Round "8.7"]
[White "Schunk, Thomas"]
[Black "Huemmer, Bernd"]
[Result "1/2-1/2"]
[WhiteElo "2354"]
[BlackElo "2213"]
[PlyCount "50"]
[EventDate "2007.??.??"]

1. c4 d6 2. Nc3 e5 3. g3 Nc6 4. Bg2 g6 5. e3 Bg7 6. Nge2 Be6 7. Nd5 Qd7 8. h3
Nd8 9. d3 c6 10. Ndc3 Ne7 11. Ne4 h6 12. c5 dxc5 13. Nxc5 Qd6 14. Qc2 O-O 15.
O-O Bd5 16. e4 Be6 17. f4 b6 18. Na4 Qd7 {(=)} 19. Kh2 Rc8 20. fxe5 c5 21. Nac3
Ndc6 22. Nf4 Nxe5 23. Be3 N5c6 24. Rad1 Rcd8 25. Qd2 Kh7 {(=)} 1/2-1/2

[Event "2.BLO 0607 SK Passau - USV TU Dresden"]
[Site "?"]
[Date "2007.04.01"]
[Round "8.1"]
[White "Seifert, Volker"]
[Black "Velicka, Petr"]
[Result "0-1"]
[WhiteElo "2330"]
[BlackElo "2493"]
[PlyCount "108"]
[EventDate "2007.??.??"]

1. d4 d5 2. c4 dxc4 3. Nf3 Nf6 4. e3 a6 5. Bxc4 c5 6. O-O b5 7. Bb3 e6 8. a4
Bb7 9. axb5 axb5 10. Rxa8 Bxa8 11. Na3 c4 12. Bc2 Bxa3 13. bxa3 O-O 14. Ne5
Nbd7 15. a4 Nxe5 16. dxe5 Qxd1 17. Rxd1 Nd5 18. axb5 Nc3 19. Rd2 Nxb5 20. f3 c3
21. Rd3 Rc8 22. Ba4 Bc6 23. Kf2 h5 24. e4 {(=)} 24... Kh7 25. h4 Kg6 26. Ke3
Na7 27. Bc2 Bb5 28. Rd6 Nc6 29. f4 Kh7 30. f5 Nxe5 31. Kf4 Nc4 32. Rd1 e5+ 33.
Kf3 f6 34. Rd5 Bc6 35. Rd3 Nb2 36. Bxb2 cxb2 37. Bb1 Bxe4+ 38. Kxe4 Rc1 39. Ba2
Ra1 40. Rb3 Rxa2 41. Kd5 b1=Q 42. Rxb1 Rxg2 43. Ke6 Rg4 44. Rh1 Rf4 45. Rh2 e4
46. Rh1 e3 47. Re1 Re4+ 48. Kf7 e2 49. Rg1 Kh8 50. Re1 Re5 51. Kg6 Kg8 52. Kxh5
Re4 53. Kg6 Rxh4 54. Rh1 e1=Q 0-1

[Event "2.BLO 0607 SK Passau - USV TU Dresden"]
[Site "?"]
[Date "2007.04.01"]
[Round "8.2"]
[White "Rasik, Vitezslav"]
[Black "Hoffmann, Paul"]
[Result "1-0"]
[WhiteElo "2469"]
[BlackElo "2288"]
[PlyCount "101"]
[EventDate "2007.??.??"]

1. e4 d5 2. exd5 Qxd5 3. Nc3 Qa5 4. d4 Nf6 5. Nf3 c6 6. Ne5 Be6 7. Nc4 Qc7 8.
Bg5 Nbd7 9. Qd2 Nb6 10. Bf4 Nxc4 11. Bxc4 Qd7 12. Be2 g6 13. O-O-O Bg7 14. Bh6
Bxh6 15. Qxh6 O-O-O 16. Rhe1 Qc7 17. Bf3 Qa5 18. a3 Rd7 19. Re5 Qd8 20. Qe3 Bg4
21. d5 Bxf3 22. Qxf3 Qc7 23. Re3 cxd5 24. Nxd5 Nxd5 25. Rxd5 Rhd8 26. Rxd7 Qxd7
27. Rc3+ Kb8 28. Rd3 Qc7 29. Rxd8+ Qxd8 30. Qxf7 Qd6 31. Qxh7 Qf4+ 32. Kb1 Qg5
33. Qg8+ Kc7 34. Qc4+ Kb8 35. Qd3 e5 36. Qg3 Qh5 37. f3 Qf5 38. h4 a6 39. Qg5
Qe6 40. Qd8+ Ka7 41. Qd3 Qf6 42. g3 Qb6 43. Ka2 Qf6 44. b3 Kb8 45. Qe4 Kc8 46.
g4 Kb8 47. Kb2 Ka8 48. a4 Qd6 49. h5 gxh5 50. gxh5 Qf6 51. Qg6 1-0

[Event "2.BLO 0607 SK Passau - USV TU Dresden"]
[Site "?"]
[Date "2007.04.01"]
[Round "8.3"]
[White "Eichner, Sebastian"]
[Black "Weiss, Christian"]
[Result "1/2-1/2"]
[WhiteElo "2269"]
[BlackElo "2469"]
[PlyCount "97"]
[EventDate "2007.??.??"]

1. Nf3 Nf6 2. c4 g6 3. Nc3 Bg7 4. e4 d6 5. d4 O-O 6. h3 e5 7. d5 Na6 8. Bg5 h6
9. Be3 Bd7 10. Be2 Kh8 11. g4 Nc5 12. Nd2 Qe8 13. h4 Ng8 14. g5 f5 15. h5 Na4
16. gxh6 Nxh6 17. Bxh6 Bxh6 18. Nxa4 Bxa4 19. b3 Bd7 20. hxg6 Kg7 21. Qc2 Qe7
22. O-O-O Rh8 23. Kb2 Raf8 24. Bd3 Qf6 25. Rdg1 Bxd2 26. Qxd2 Rh4 27. Ka3 Rfh8
28. Qe1 b6 29. exf5 Bxf5 30. Bxf5 Qxf5 31. f4 Qxf4 32. Rxh4 Qxh4 33. Qb1 Qf2
34. Rf1 Qc5+ 35. b4 Rh3+ 36. Ka4 Qxc4 37. Rf7+ Kg8 38. Rf8+ Kxf8 39. Qf5+ Kg7
40. Qf7+ Kh6 41. Qh7+ Kg5 42. Qxh3 Qxa2+ 43. Kb5 Qxd5+ 44. Ka6 Kxg6 45. Qg4+
Kf6 46. Qh4+ Kf5 47. Qh3+ Ke4 48. Qg2+ Kd4 49. Qd2+ 1/2-1/2

[Event "2.BLO 0607 SK Passau - USV TU Dresden"]
[Site "?"]
[Date "2007.04.01"]
[Round "8.4"]
[White "Schmidt, Peter"]
[Black "Loxine, Jakow"]
[Result "1/2-1/2"]
[WhiteElo "2395"]
[BlackElo "2301"]
[PlyCount "31"]
[EventDate "2007.??.??"]

1. Nf3 Nf6 2. g3 g6 3. b3 d6 4. d4 Bg7 5. Bb2 Bg4 6. Bg2 Qc8 7. O-O Bh3 8. c4
O-O 9. Nc3 Bxg2 10. Kxg2 Re8 11. e4 c5 12. Re1 cxd4 13. Nxd4 Nbd7 14. Rc1 a6
15. h3 b6 16. f4 {(=)} 1/2-1/2

[Event "2.BLO 0607 SK Passau - USV TU Dresden"]
[Site "?"]
[Date "2007.04.01"]
[Round "8.5"]
[White "Graf, Felix"]
[Black "Hellmayr, Alois"]
[Result "1-0"]
[WhiteElo "2207"]
[BlackElo "2317"]
[PlyCount "93"]
[EventDate "2007.??.??"]

1. d4 Nf6 2. c4 e6 3. Nf3 Bb4+ 4. Bd2 Bxd2+ 5. Qxd2 d5 6. Qc2 O-O 7. Nc3 Nc6 8.
e3 Qe7 9. a3 Rd8 10. cxd5 exd5 11. h3 a6 12. Bd3 Qd6 {(=)} 13. O-O Ne7 14. Rac1
c6 15. Na4 Ng6 16. b4 Re8 17. Qc5 Qd8 18. Qb6 Qe7 19. Qc5 Qd8 20. Nb6 Rb8 21.
Nxc8 Rxc8 22. a4 Ne4 23. Bxe4 dxe4 24. Nd2 Qd5 25. Nc4 Rcd8 26. Qxd5 Rxd5 27.
Nb6 Rd6 28. Rc5 Kf8 29. Nc4 Rde6 30. b5 cxb5 31. axb5 b6 32. Rh5 a5 33. d5 Rf6
34. d6 Rb8 35. Rd1 h6 36. Nxb6 Ke8 37. Rc5 Kd8 38. Nc4 a4 39. Na5 Rb6 40. Nc4
Rb7 41. b6 Nf8 42. Rc7 Rb8 43. Ne5 Rxb6 44. Nc6+ Rxc6 45. Rxc6 Nd7 46. Rc4 a3
47. Rxe4 1-0

[Event "2.BLO 0607 SK Passau - USV TU Dresden"]
[Site "?"]
[Date "2007.04.01"]
[Round "8.6"]
[White "Hiermann, Dietmar"]
[Black "Tydecks, Hermann"]
[Result "1-0"]
[WhiteElo "2265"]
[BlackElo "2203"]
[PlyCount "51"]
[EventDate "2007.??.??"]

1. e4 e6 2. d4 d5 3. Nc3 dxe4 4. Nxe4 Nd7 5. Nf3 Ngf6 6. Nxf6+ Nxf6 7. Ne5 Be7
8. Be2 O-O 9. O-O c5 10. dxc5 Bxc5 11. Qxd8 Rxd8 12. Bf3 Kf8 13. c3 Ke7 14. Nc4
Nd5 15. Rd1 f6 16. Bd2 a6 17. b4 Ba7 18. Na5 Rb8 19. c4 Nc7 20. Be3 Rxd1+ 21.
Rxd1 e5 22. c5 Ne6 23. h4 Nxc5 24. bxc5 Bxc5 25. Rb1 Kd6 26. Nxb7+ 1-0

[Event "2.BLO 0607 SK Passau - USV TU Dresden"]
[Site "?"]
[Date "2007.04.01"]
[Round "8.7"]
[White "Seifert, Dierk Dr"]
[Black "Horvath, Laszlo"]
[Result "0-1"]
[WhiteElo "2155"]
[BlackElo "2268"]
[PlyCount "111"]
[EventDate "2007.??.??"]

1. c4 e5 2. g3 Nc6 3. Bg2 g6 4. Nc3 Bg7 5. Rb1 f5 6. e3 Nf6 7. b4 O-O 8. d3 h6
9. Nge2 Kh8 10. O-O Ne7 11. Qb3 c6 12. b5 c5 13. Rd1 d6 14. d4 Nd7 15. dxe5
dxe5 16. Nd5 Nxd5 17. Rxd5 Qc7 18. Ba3 Rb8 19. Rbd1 b6 20. Bb2 Re8 21. Qd3 Nf8
22. Rd8 Be6 23. Rxb8 Rxb8 24. Bd5 e4 25. Bxg7+ Qxg7 26. Qc3 Rd8 27. Qxg7+ Kxg7
28. Nc3 Bxd5 29. Rxd5 Rxd5 30. Nxd5 Nd7 31. Ne7 Ne5 32. Nc6 Nxc4 33. Nxa7 Kf7
34. Kf1 Ke6 35. Ke2 Kd7 36. Nc6 Nd6 37. a4 Nc4 38. h4 h5 39. Nb8+ Kc7 40. Nc6
Kd6 41. Ke1 Nb2 42. a5 bxa5 43. Nxa5 Kc7 44. Nc6 Nd3+ 45. Ke2 Kb6 46. f3 Kxb5
47. Ne7 c4 48. Nd5 Nc5 49. f4 Ka4 50. Kd2 Kb3 51. Nc3 Na4 52. Nb5 Kb2 53. Nd4
c3+ 54. Kd1 Nc5 55. Nc2 Nd3 56. Nd4 0-1

[Event "2.BLO 0607 SK Passau - USV TU Dresden"]
[Site "?"]
[Date "2007.04.01"]
[Round "8.8"]
[White "Linhart, Wolfgang"]
[Black "Salzmann, Peter"]
[Result "1-0"]
[WhiteElo "2223"]
[BlackElo "2210"]
[PlyCount "113"]
[EventDate "2007.??.??"]

1. d4 g6 2. Nf3 Bg7 3. c3 Nf6 4. Bf4 d6 5. e3 O-O 6. h3 c5 7. Be2 Qb6 8. Qb3
Qxb3 9. axb3 Nc6 10. O-O cxd4 11. exd4 Bf5 12. Nbd2 Nd5 13. Bg3 e5 14. Bc4 Nb6
15. dxe5 dxe5 16. Rfe1 Nxc4 17. Nxc4 f6 18. b4 Be6 19. Nd6 b6 20. Nb5 Rfc8 21.
Nd2 a6 22. Na3 Rd8 23. Nf1 f5 24. f3 b5 25. Bf2 Bb3 26. Bb6 Rd5 27. Re2 Rb8 28.
Be3 Rd3 29. Rd2 Rbd8 30. Rxd3 Rxd3 31. Kf2 f4 32. Ke2 Rd7 33. Bc5 a5 34. Nd2
Be6 35. Nxb5 axb4 36. Ra8+ Rd8 37. Rxd8+ Nxd8 38. Bxb4 Nb7 39. Nd6 Bd5 40. N2e4
Nxd6 41. Nxd6 Bf8 42. Kd3 Bxd6 43. Bxd6 Kf7 44. Bxe5 g5 45. c4 Bb7 46. b4 Ke6
47. Bb8 Kf5 48. b5 h5 49. c5 g4 50. hxg4+ hxg4 51. fxg4+ Kxg4 52. c6 Bc8 53. b6
f3 54. gxf3+ Kxf3 55. b7 Bf5+ 56. Kd4 Be4 57. Be5 1-0

[Event "2.BLO 0607 Nickelhütte Aue - Lok Leipzi"]
[Site "?"]
[Date "2007.04.01"]
[Round "8.1"]
[White "Wernert, Wilfrid"]
[Black "Meijers, Viesturs"]
[Result "1-0"]
[WhiteElo "2353"]
[BlackElo "2465"]
[PlyCount "93"]
[EventDate "2007.??.??"]

1. e4 c5 2. Nf3 e6 3. c3 d5 4. exd5 Qxd5 5. d4 Nf6 6. Be2 Nc6 7. O-O Be7 8. c4
Qd8 9. dxc5 Qxd1 10. Rxd1 Bxc5 11. Nc3 e5 12. Nd5 O-O 13. Nxf6+ gxf6 14. Be3
Bxe3 15. fxe3 Be6 16. Rd2 Rfd8 17. Rad1 Rxd2 18. Rxd2 Kf8 19. Kf2 Ke7 20. b3 a5
21. a3 h6 22. Rb2 f5 23. g3 Kf6 24. b4 axb4 25. axb4 e4 26. Nd4 Ne5 27. c5 h5
28. h4 Bd5 29. Rd2 Be6 30. b5 Ra1 31. c6 bxc6 32. bxc6 Rc1 33. Bxh5 Nxc6 34.
Rc2 Rxc2+ 35. Nxc2 Ke5 36. Be2 Bb3 37. Bb5 Ne7 38. Nd4 Bd5 39. Be8 Be6 40. Nc6+
Nxc6 41. Bxc6 Kf6 42. Bb5 Ke7 43. Ke1 f6 44. Kd2 Bf7 45. Be2 Kf8 46. Kc3 Ba2
47. Bc4 1-0

[Event "2.BLO 0607 Nickelhütte Aue - Lok Leipzi"]
[Site "?"]
[Date "2007.04.01"]
[Round "8.2"]
[White "Rogozenko, Dorian"]
[Black "Spiess, Gunter"]
[Result "1-0"]
[WhiteElo "2527"]
[BlackElo "2403"]
[PlyCount "91"]
[EventDate "2007.??.??"]

1. d4 d5 2. c4 c6 3. Nf3 Nf6 4. e3 e6 5. Bd3 Nbd7 6. O-O Bd6 7. Nc3 O-O 8. e4
dxe4 9. Nxe4 Nxe4 10. Bxe4 h6 11. Bc2 e5 12. Re1 exd4 13. Qxd4 Nf6 14. Rd1 Be7
15. Qe5 Qe8 16. h3 Be6 17. Nd4 Bd7 18. Bxh6 gxh6 19. Re1 c5 20. Nf5 Bxf5 21.
Qxf5 Kg7 22. Re3 Rh8 23. Rae1 Ng8 24. Rg3+ Kf8 25. Qg4 Bf6 26. Rxe8+ Rxe8 27.
Re3 Rd8 28. Rd3 Bd4 29. b4 b6 30. bxc5 bxc5 31. Qf3 Re8 32. Ba4 Re1+ 33. Kh2
Ne7 34. g3 Kg7 35. Qg4+ Ng6 36. Rxd4 h5 37. Qd7 Re7 38. Qd6 cxd4 39. Qxd4+ Kh7
40. Kg2 h4 41. Bc2 hxg3 42. Kxg3 Rhe8 43. Qd6 Re6 44. Qd4 Re5 45. Bxg6+ Kxg6
46. Qxa7 1-0